Countries With The Shortest Coastline A-Z - Statistics

General Stats
  • This quiz has been taken 104 times
  • The average score is 13 of 23
Answer Stats
Letter Coastline (km) Country % Correct
Q 543 Qatar
89%
O 2290 Oman
87%
Y 2540 Yemen
85%
J 27 Jordan
79%
M 7 Monaco
77%
H 1470 Haiti
71%
N 20 Nauru
68%
V 2270 Vanuatu
67%
A 178 Antigua and Barbuda
62%
B 18 Bosnia and Herzegovina
61%
P 275 Palau
61%
D 128 Dominica
60%
K 483 Kuwait
58%
G 114 Grenada
56%
U 868 Uruguay
52%
I 91 Iraq
46%
F 345 Federated States of Micronesia
45%
L 216 Lithuania
42%
T 50 Togo
40%
R 176 Republic of the Congo
38%
C 343 Comoros
32%
E 495 Equatorial Guinea
31%
S 27 Slovenia
26%
No matching quizzes found
Score Distribution
Percent of People with Each Score
Percentile by Number Answered
Your Score History
You have not taken this quiz